Hóa học vô cơ Sách dùng cho sinh viên các trường đại học và cao đẳng, giáo viên THPT, THCS chuyên ngành Hóa; Tài liệu tham khảo cho học sinh THPT Tập 1
Trình bày những kiến thức cơ bản về phi kim; về trạng thái thiên nhiên; phương pháp điều chế; tính chất lý hóa học và ứng dụng của các đơn chất và hợp chất nguyên tố phi kim.
Uloženo v:
| Hlavní autor: | |
|---|---|
| Médium: | Kniha |
| Jazyk: | Undetermined |
| Vydáno: |
H.
Khoa học và Kỹ thuật
2008
|
| Témata: | |
| On-line přístup: | http://lrc.tdmu.edu.vn/opac/search/detail.asp?aID=2&ID=7568 |
| Tagy: |
Přidat tag
Žádné tagy, Buďte první, kdo otaguje tento záznam!
|
| Thư viện lưu trữ: | Trung tâm Học liệu Trường Đại học Thủ Dầu Một |
|---|
| LEADER | 01185nam a2200241Ia 4500 | ||
|---|---|---|---|
| 001 | TDMU_7568 | ||
| 008 | 210410s9999 xx 000 0 und d | ||
| 082 | |a 546.071 | ||
| 090 | |b NG527 | ||
| 100 | |a Nguyễn, Đức Vận | ||
| 245 | 0 | |a Hóa học vô cơ | |
| 245 | 0 | |b Sách dùng cho sinh viên các trường đại học và cao đẳng, giáo viên THPT, THCS chuyên ngành Hóa; Tài liệu tham khảo cho học sinh THPT | |
| 245 | 0 | |c Nguyễn Đức Vận | |
| 245 | 0 | |n Tập 1 | |
| 245 | 0 | |p Các nguyên tố phi kim | |
| 260 | |a H. | ||
| 260 | |b Khoa học và Kỹ thuật | ||
| 260 | |c 2008 | ||
| 300 | |a 351 tr. | ||
| 520 | |a Trình bày những kiến thức cơ bản về phi kim; về trạng thái thiên nhiên; phương pháp điều chế; tính chất lý hóa học và ứng dụng của các đơn chất và hợp chất nguyên tố phi kim. | ||
| 650 | |a Hóa học; Hóa vô cơ |x Lý thuyết |v Giáo trình | ||
| 856 | |u http://lrc.tdmu.edu.vn/opac/search/detail.asp?aID=2&ID=7568 | ||
| 980 | |a Trung tâm Học liệu Trường Đại học Thủ Dầu Một | ||